000 01025nam a2200265 i 4500
001 156831
003 ES-MaACL
005 20250812230101.0
008 040901s1836 fr |||| | fre d
040 _aCAM
_bspa
_cCAM
100 1 _aLacauchie, Adolphe Euclide.
_9128556
245 1 0 _aEntretiens sur les animaux domestiques /
_cpar A.E. Lacauchie.
250 _aNouvelle éd.
260 _aParis ;
_aStrasbourg :
_bchez F.G. Levrault,
_c1836.
300 _a104 p. ;
_c14 cm.
490 1 _aMaitre Pierre ou Le savant de village
490 1 _aBibliothèque de l'instruction populaire ;
_v22
598 _aSegunda serie tomada de BN Opale-Plus.
650 7 _aAnimales domésticos
_2embne
_9135564
740 0 _aMaitre Pierre ou Le savant de village.
830 0 _aMaitre Pierre ou Le savant de village
_9187710
830 0 _aBibliothèque de l'instruction populaire ;
_v22
_9187711
852 _aES-MaACL
_jD-5204(2)
_z-- Enc. hol.
_x-- Edic.: en el lomo consta : Instruction populaire
999 _c156831
_d156831